| 000 | 00700cam a22002413a 4500 | ||
|---|---|---|---|
| 001 | 1030 | ||
| 003 | PGUSA | ||
| 005 | 20140828082956.0 | ||
| 008 | 970901s1997||||xxu|||||s|||||000 p eng d | ||
| 040 |
_aPGUSA _beng |
||
| 042 | _adc | ||
| 050 | 4 | _aPR | |
| 245 | 1 | 4 |
_aThe Cavalier Songs and Ballads of England from 1642 to 1684 _h[electronic resource] |
| 260 |
_bProject Gutenberg, _c1997 |
||
| 506 | _aPublic domain in the USA. | ||
| 516 | _aElectronic text | ||
| 653 | _aEnglish poetry -- Early modern, 1500-1700 | ||
| 653 | _aBallads, English | ||
| 700 | 1 |
_aMackay, Charles, _d1814-1889 |
|
| 830 | 0 |
_aProject Gutenberg _v1030 |
|
| 856 | 4 | 0 | _uhttp://www.gutenberg.org/ebooks/1030 |
| 942 | _cEB | ||
| 999 |
_c230381 _d230381 |
||